00321nam a22001337a 4500003000400000008004100004020001800045100002400063245003100087250000900118260004000127300000800167650001200175OSt250506b |||||||| |||| 00| 0 eng d a9788131016107 aSHARMA, Gangaparsad aGandhi ji ki Amar Sukhtiya a13th aNew DelhibManoj Publicationsc2013 a108 aGeneral